Brož, I.: 1967: Hvězdy proti hvězdám. Americká občanská válka 1861-1865

Bibliographic Details
Main Author: Meško, Marek, 1977- (Author)
Format: Article
Language:Slovak
ISSN:1335-3314
Subjects:

MARC

LEADER 00000nab a2200000 a 4500
001 vtls010103205
003 SK-MaSNL
005 20260305025407.0
008 250507c2010 xo ||||||||||||00 b|slo
015 |a SNBRB2010/06  |2 snkbucl 
035 |a urn:nbn:sk:snk-ab8dj6 
035 |a (urnnbn)urn:nbn:sk:snk:ar-a085y5 
035 |a (uuid)8740cdbc-9900-4e34-9580-1b0bdb781dd3 
038 |a SNKBUCL 
040 |a SNKBUCL  |b slo  |c SNKBUCL  |e AACR2 
041 0 |a slo 
044 |a xo  |c SK 
080 |a 94(73)"1861/1865"  |x (048)  |2 2001 
080 |a 355.48  |x (73)"1861/1865"  |x (048)  |2 2001 
100 1 |a Meško, Marek,  |d 1977-  |4 aut  |9 106007 
245 1 0 |a Brož, I.: 1967: Hvězdy proti hvězdám. Americká občanská válka 1861-1865  |c M. Meško 
650 0 7 |a americká občianska vojna (1861-1865)  |2 snkbucl  |9 28863 
650 0 7 |a vojenské dejiny  |2 snkbucl  |9 70411 
650 0 7 |a monografie  |2 snkbucl  |9 256509 
651 7 |a Spojené štáty americké  |x dejiny  |2 snkbucl  |9 56310 
655 7 |a recenzie  |2 snkbucl  |9 21907 
773 0 |t Vojenská história  |g Roč. 14, č. 1 (2010), s. 159-161  |x 1335-3314 
787 0 8 |i Rec.:  |a Brož, Ivan, 1938-  |t Hvězdy proti hvězdám : americká občanská válka 1861-1865  |d Praha : Epocha, 2009  |z 9788087027332 
850 |a Slovenská národná knižnica 
852 |a Slovenská národná knižnica 
954 |a odborná, vedecká literatúra pôvodná (slovenská)  |2 lita 
958 |a article9 
958 |a OND 
958 |a RC 
958 |a US 
958 |a EUIPO 
999 |c 3305513  |d 3307443